Top 10 najbardziej protestanckich krajów europejskich - Statystyki

Ogólne statystyki
  • Ten quiz został rozwiązany 1 303 razy
  • Średni wynik to 8 z 10
Statystyki odpowiedzi
% Kraj % Poprawnych
27 Niemcy
95%
82 Norwegia
90%
64 Szwecja
90%
72 Finlandia
87%
50 Wielka Brytania
87%
76 Dania
83%
19 Holandia
80%
76 Islandia
73%
25 Szwajcaria
73%
20 Łotwa
53%
Nie znaleziono quizów pasujących do podanych kryteriów
Rozkład punktacji
Procent ludzi z każdym wynikiem
Percentyl według liczby udzielonych odpowiedzi
Twoja historia wyników
Nie rozwiązałeś tego quizu